000 00670nam a22001697a 4500
999 _c61543
_d61543
005 20240322120829.0
008 240322c1999 ge ||||| |||| 00| 0 geo d
022 _a0134-3459
041 _ageo
245 _aლიტერატურული აჭარა :
_b1999 /
_cმთავარი რედაქტორი სანდრო ბერიძე.
260 _aთბილისი,
_c1999.
300 _aV.
653 _aლიტერატურული აჭარა
653 _aპერიოდიკა
700 _a ბერიძე, სანდრო
_eმთავარი რედაქტორი
_921549
942 _2udc
_cCR